Manual of organization of instruction in the elementary grades. (Record no. 21443)

MARC details
000 -LEADER
fixed length control field 00792cam a22002411 4500
001 - CONTROL NUMBER
control field e 35000219
003 - CONTROL NUMBER IDENTIFIER
control field DLC
005 - DATE AND TIME OF LATEST TRANSACTION
control field 20260227111225.0
008 - FIXED-LENGTH DATA ELEMENTS--GENERAL INFORMATION
fixed length control field 881103s1935 kyu s000 0 eng c
010 ## - LIBRARY OF CONGRESS CONTROL NUMBER
LC control number e 35000219
035 ## - SYSTEM CONTROL NUMBER
System control number (OCoLC)18704463
040 ## - CATALOGING SOURCE
Original cataloging agency U.S. Off. of Educ. Library
Transcribing agency MsU
Modifying agency DLC
042 ## - AUTHENTICATION CODE
Authentication code premarc
050 00 - LIBRARY OF CONGRESS CALL NUMBER
Classification number L152
Item number .B35 vol. 3, no. 6
110 1# - MAIN ENTRY--CORPORATE NAME
Corporate name or jurisdiction name as entry element Kentucky.
Subordinate unit Department of Education.
245 10 - TITLE STATEMENT
Title Manual of organization of instruction in the elementary grades.
260 ## - PUBLICATION, DISTRIBUTION, ETC.
Place of publication, distribution, etc. Frankfort, Ky.,
Name of publisher, distributor, etc. Dept. of Education
Date of publication, distribution, etc. [1935]
300 ## - PHYSICAL DESCRIPTION
Extent 53, [2] p.
Dimensions 23 cm.
490 1# - SERIES STATEMENT
Series statement Its Educational bulletin,
Volume/sequential designation vol. III, no. 6
650 #0 - SUBJECT ADDED ENTRY--TOPICAL TERM
Topical term or geographic name entry element Education
General subdivision Curricula
Geographic subdivision Kentucky.
650 #0 - SUBJECT ADDED ENTRY--TOPICAL TERM
Topical term or geographic name entry element Education.
830 #0 - SERIES ADDED ENTRY--UNIFORM TITLE
Uniform title Educational bulletin (Frankfort, Ky.) ;
Volume/sequential designation vol. III, no. 6.

No items available.

Powered by Koha